Word Ladder: Driven Supervillains Quiz Stats

Quiz Updated Sep 6, 2015

Challenge
Share
Tweet
Embed
Score 0/36 Timer 05:00
0 Plays Today
Clue 4-Letter Word % Correct
Having no hairBALD
96.4%
'___ Fu Panda'KUNG
96.2%
Umbilical ___CORD
95%
A musical groupBAND
92.9%
Darkened type-set lettersBOLD
92.2%
A sudden and loud noiseBANG
91.4%
Voldemort's formal (self-appointed) titleLORD
90.9%
SUPERVILLAIN: Archenemy of The Flash, Captain ____, born Leonard SnartCOLD
90.7%
A step, particularly on a ladderRUNG
90.5%
Where college students liveDORM
90.5%
SUPERVILLAIN: The only villain known to have 'Broken the Bat'BANE
90.4%
A spherical object often used in sportsBALL
90.3%
Record-holding runner UsainBOLT
90.1%
A sound that follows dynamite or explosions.BOOM
89.4%
In the right mind.SANE
88.9%
This type of camp will kick young recruits into shape.BOOT
88.4%
SUPERVILLAIN: The enemy of the Fantastic Four, Doctor Victor Von ___DOOM
88.4%
SUPERVILLAIN: The shapeshifting enemy of Spiderman, ____manSAND
88.4%
Clue 4-Letter Word % Correct
The 'seat' variety of these protect you in carsBELT
88.1%
If you go to a dairy farm, you may hear these soundsMOOS
87.6%
Ernest Hemingway knows for whom this tollsBELL
87.3%
SUPERVILLAIN: A time-traveling villain who faces various heroesKANG
87.1%
This type of bladder stores bile from the liverGALL
84.7%
Public enclosures where animals are displayedZOOS
81.4%
The shape of an objectFORM
81.3%
Wife of Rick Grimes on 'The Walking Dead'LORI
80.3%
SUPERVILLAIN: The adopted brother and enemy of ThorLOKI
79%
Jungle growthMOSS
75.4%
A letter in a antiquated alphabetRUNE
72.8%
Ancient name of FranceGAUL
70.4%
SUPERVILLAIN: An enemy of The Flash who possesses similar speed abilitiesZOOM
69.9%
A trick, deception, or schemeRUSE
68.8%
SUPERVILLAIN: A multi-talented alien who was awakened on Earth in ChinaFOOM
62.1%
SUPERVILLAIN: The creator and enemy of the Hulk, Thunderbolt ___ROSS
61.1%
SUPERVILLAIN: The last name of the villain also known as GrendelROSE
54.4%
SUPERVILLAIN: The last name of the warrior who trained Bruce Wayne.GHUL
38.1%

Today's Daily Dose

You're not logged in!

Compare scores with friends on all Sporcle quizzes.
Join for Free
OR
Log In

You Might Also Like...

Show Comments

Extras

Top Quizzes Today


Score Distribution

Your Account Isn't Verified!

In order to create a playlist on Sporcle, you need to verify the email address you used during registration. Go to your Sporcle Settings to finish the process.

Report this User

Report this user for behavior that violates our Community Guidelines.

Details: